Pseudodifferential operators /

Bibliographic Details
Main Author: Taylor, Michael E., 1946-
Format: Book
Language:English
Published: Princeton, N.J. : Princeton University Press, [1981]
Series:Princeton mathematical series ; 34.
Subjects:

MARC

Tag First Indicator Second Indicator Subfields
LEADER 00000pam a2200000 a 4500
001 in00000075902
005 20181006063459.0
008 810127s1981 nju b 00110 eng
010 |a  80008580  
020 |a 0691082820 :  |c $30.00 
035 |a (OCoLC)07247987 
035 |9 AAJ2007AM 
039 0 |a 2  |b 3  |c 3  |d 3  |e 3 
040 |a DLC  |c DLC  |d TXA  |d UtOrBLW 
049 |a TXAM  |c [951768] 
050 0 0 |a QA374  |b .T38 1981 
082 0 |a 515.3/52  |2 19 
100 1 |a Taylor, Michael E.,  |d 1946- 
245 1 0 |a Pseudodifferential operators /  |c Michael E. Taylor. 
264 1 |a Princeton, N.J. :  |b Princeton University Press,  |c [1981] 
264 4 |c ©1981 
300 |a xi, 451 pages ;  |c 25 cm. 
336 |a text  |b txt  |2 rdacontent 
337 |a unmediated  |b n  |2 rdamedia 
338 |a volume  |b nc  |2 rdacarrier 
490 1 |a Princeton mathematical series ;  |v 34 
500 |a Includes indexes. 
504 |a Bibliography: pages 424-445. 
650 0 |a Differential equations, Partial. 
650 0 |a Pseudodifferential operators. 
830 0 |a Princeton mathematical series ;  |v 34. 
999 |a MARS 
999 f f |s 1a588cfd-0c6a-379c-8712-59f8e69dcba5  |i 55e4468b-066a-3f8c-8dd4-7b009360186c  |t 0 
952 f f |p normal  |a Texas A&M University  |b College Station  |c Sterling C. Evans Library  |d Evans: Library Stacks  |t 0  |e QA374 .T38 1981  |h Library of Congress classification  |i unmediated -- volume  |m A14806205095 
998 f f |a QA374 .T38 1981  |t 0  |l Evans: Library Stacks